[Event "UAE National Day 51st"]
[Site "Sharjah"]
[Date "2022.12.04"]
[Round "9"]
[White "Amonatov, Farrukh"]
[Black "Miladinovic, Igor"]
[Result "1/2-1/2"]
[WhiteElo "2598"]
[BlackElo "2507"]
[PlyCount "144"]
[EventDate "2022.12.03"]
[EventType "swiss (rapid)"]
[EventRounds "10"]
[EventCountry "UAE"]
[SourceTitle "CBM 211 Extra"]
[Source "ChessBase"]
[SourceDate "2023.01.31"]
[SourceVersion "1"]
[SourceVersionDate "2023.01.31"]
[SourceQuality "1"]

1. e4 c6 2. d4 d5 3. e5 Bf5 4. Nf3 e6 5. Be2 Nd7 6. 0-0 h6 7. Nbd2 Ne7 8. Nb3 Bg6 9. Bd2 Nf5 10. h3 Be7 11. a4 0-0 12. a5 c5 13. dxc5 Nxc5 14. Nxc5 Bxc5 15. b4 Be7 16. a6 Rb8 17. axb7 Rxb7 18. Ba6 Rb6 19. Ra4 Rc6 20. Bd3 Qb8 21. Qe2 Rfc8 22. c3 Rxc3 23. Bxc3 Rxc3 24. Rd1 Qb6 25. Qb2 Rc7 26. Rda1 Qb8 27. Qa3 Kh7 28. g4 Nh4 29. Nxh4 Bxh4 30. Rxa7 Rxa7 31. Bxg6+ Kxg6 32. Qxa7 Qxb4 33. Qe3 Qb5 34. Kg2 Be7 35. Rd1 Kh7 36. Qd3+ Qxd3 37. Rxd3 g5 38. Kg3 Kg7 39. Rb3 Bc5 40. f4 Bd4 41. Kf3 Kg6 42. Rb4 Bc3 43. Rb6 Kg7 44. Ke3 gxf4+ 45. Kxf4 Bd4 46. Rb3 Kg6 47. h4 Kg7 48. Rg3 Bf2 49. Rh3 Be1 50. g5 Bd2+ 51. Kg4 hxg5 52. hxg5 Kg6 53. Rh6+ Kg7 54. Rh2 Bc3 55. Kf4 Ba5 56. Rc2 Bb6 57. Rb2 Bd4 58. Rh2 Bb6 59. Rh6 Ba5 60. Rh2 Bc3 61. Rc2 Bd4 62. Rc8 Bb2 63. Rc2 Bd4 64. Re2 Bc3 65. Kg4 Kg6 66. Kf4 Kg7 67. Rh2 Bd4 68. Rh6 Bc3 69. Rf6 Bd2+ 70. Kg4 Bc3 71. Kf4 Bd2+ 72. Kg4 Bc3 1/2-1/2

[Event "UAE National Day 51st"]
[Site "Sharjah"]
[Date "2022.12.04"]
[Round "10"]
[White "Erdogdu, Mert"]
[Black "Amonatov, Farrukh"]
[Result "1/2-1/2"]
[WhiteElo "2413"]
[BlackElo "2598"]
[PlyCount "108"]
[EventDate "2022.12.03"]
[EventType "swiss (rapid)"]
[EventRounds "10"]
[EventCountry "UAE"]
[SourceTitle "CBM 211 Extra"]
[Source "ChessBase"]
[SourceDate "2023.01.31"]
[SourceVersion "1"]
[SourceVersionDate "2023.01.31"]
[SourceQuality "1"]

1. e4 c5 2. Nf3 d6 3. Bb5+ Bd7 4. Bxd7+ Qxd7 5. c4 Nc6 6. Nc3 g6 7. d4 cxd4 8. Nxd4 Bg7 9. Be3 Nf6 10. f3 0-0 11. 0-0 e6 12. Qd3 a6 13. Nxc6 Qxc6 14. Rac1 Nd7 15. b3 Ne5 16. Qe2 h6 17. Rfd1 g5 18. a4 Rfd8 19. a5 Nd7 20. Na4 Nc5 21. Nb6 Nxb3 22. Rb1 Nxa5 23. Nxa8 Rxa8 24. Rb6 Qxc4 25. Qd2 Qa4 26. Bf2 Nc4 27. Rb4 Qc6 28. Qe2 b5 29. Rdb1 d5 30. exd5 exd5 31. h4 gxh4 32. Bxh4 d4 33. Qd3 Qg6 34. Rd1 Ne3 35. Qxg6 fxg6 36. Rd3 Nd5 37. Rb1 Rc8 38. Bf2 Rc3 39. Rd2 Ne3 40. Ra2 g5 41. Rxa6 g4 42. Rb6 gxf3 43. gxf3 Nc4 44. Rb8+ Kh7 45. Rb7 Rd3 46. Rd7 Ne5 47. Rc7 Nxf3+ 48. Kg2 Ng5 49. Rxb5 Rd2 50. Rbb7 Ne6 51. Re7 Re2 52. Rxe6 Rxe6 53. Bxd4 Rg6+ 54. Kh3 Rg5 1/2-1/2

[Event "Atyrau op"]
[Site "Atyrau"]
[Date "2022.08.17"]
[Round "2"]
[White "Amonatov, Farrukh"]
[Black "Nurgaliyeva, Zarina"]
[Result "1/2-1/2"]
[WhiteElo "2620"]
[BlackElo "2122"]
[PlyCount "93"]
[EventDate "2022.08.15"]
[EventType "swiss"]
[EventRounds "9"]
[EventCountry "KAZ"]
[SourceTitle "CBM 210 Extra"]
[Source "ChessBase"]
[SourceDate "2022.11.30"]
[SourceVersion "1"]
[SourceVersionDate "2022.11.30"]
[SourceQuality "1"]

1. e4 e5 2. Nf3 Nc6 3. d4 exd4 4. Nxd4 Qf6 5. Be3 Bc5 6. c3 Nge7 7. Bc4 0-0 8. 0-0 b6 9. Nc2 Bb7 10. Nd2 Rad8 11. Bxc5 bxc5 12. Ne3 Ne5 13. Ng4 Nxg4 14. Qxg4 Qg6 15. Qxg6 Nxg6 16. f4 Kh8 17. Rae1 f6 18. g3 Ne7 19. e5 Nc8 20. Nb3 d6 21. Na5 Ba8 22. Bb5 dxe5 23. fxe5 Rd2 24. Re2 Rxe2 25. Bxe2 Nb6 26. Bb5 Bd5 27. c4 Be6 28. b3 Bh3 29. Rf4 Rd8 30. exf6 gxf6 31. Nb7 Rd1+ 32. Kf2 Rd2+ 33. Ke3 Rxa2 34. Nxc5 Kg7 35. Re4 Nc8 36. Ba6 Nd6 37. Re7+ Kg6 38. Rxc7 Nf5+ 39. Kd3 Rxh2 40. Rxa7 Nxg3 41. b4 Bf1+ 42. Kc3 Ne2+ 43. Kb3 Nc1+ 44. Kc3 Na2+ 45. Kb3 Nc1+ 46. Kc3 Na2+ 47. Kb3 1/2-1/2

[Event "Visakhapatnam Vizag op"]
[Site "Visakhapatnam"]
[Date "2022.06.17"]
[Round "10"]
[White "Amonatov, Farrukh"]
[Black "Savchenko, Boris"]
[Result "0-1"]
[WhiteElo "2629"]
[BlackElo "2524"]
[PlyCount "68"]
[EventDate "2022.06.10"]
[EventType "swiss"]
[EventRounds "10"]
[EventCountry "IND"]
[SourceTitle "CBM 208 Extra"]
[Source "ChessBase"]
[SourceDate "2022.07.31"]
[SourceVersion "1"]
[SourceVersionDate "2022.07.31"]
[SourceQuality "1"]

1. e4 e6 2. d4 d5 3. Nc3 dxe4 4. Nxe4 Nd7 5. Nf3 Ngf6 6. Bg5 h6 7. Nxf6+ Nxf6 8. Be3 Nd5 9. Bd2 c5 10. c4 Nf6 11. dxc5 Bxc5 12. b4 Be7 13. Qc2 a5 14. b5 b6 15. Be2 Bb7 16. 0-0 Qc7 17. Bc3 Ng4 18. h3 h5 19. Rfd1 Bc5 20. hxg4 hxg4 21. Be5 Qe7 22. Nh2 Rxh2 23. Bxh2 Qh4 24. Bf1 Ke7 25. Bg3 Qxg3 26. Qd2 Qh4 27. Qf4 Rh8 28. Qc7+ Kf6 29. Qf4+ Kg6 30. Bd3+ f5 31. Kf1 Bxg2+ 32. Ke1 Bb4+ 33. Rd2 Qh1+ 34. Ke2 Bf3+ 0-1

[Event "Visakhapatnam Vizag op"]
[Site "Visakhapatnam"]
[Date "2022.06.16"]
[Round "9"]
[White "Mirzoev, Azer"]
[Black "Amonatov, Farrukh"]
[Result "0-1"]
[WhiteElo "2445"]
[BlackElo "2629"]
[PlyCount "98"]
[EventDate "2022.06.10"]
[EventType "swiss"]
[EventRounds "10"]
[EventCountry "IND"]
[SourceTitle "CBM 208 Extra"]
[Source "ChessBase"]
[SourceDate "2022.07.31"]
[SourceVersion "1"]
[SourceVersionDate "2022.07.31"]
[SourceQuality "1"]

1. d4 Nf6 2. Nf3 g6 3. g3 Bg7 4. Bg2 0-0 5. 0-0 d6 6. b3 b5 7. Ne1 c6 8. Bb2 a5 9. Nd2 Bb7 10. Nd3 Nbd7 11. c4 bxc4 12. bxc4 Qc7 13. Rb1 Rfb8 14. Qc2 e6 15. Rfc1 h5 16. h3 a4 17. Ba3 Nh7 18. Ne4 Bf8 19. c5 d5 20. Nd6 Bg7 21. Bb2 a3 22. Bc3 Nhf6 23. e3 Ne8 24. Nxb7 Rxb7 25. Rxb7 Qxb7 26. Rb1 Qc8 27. Bf1 Nef6 28. Be1 Qc7 29. f4 Ne4 30. Bg2 f5 31. Rb3 g5 32. fxg5 e5 33. dxe5 Nxe5 34. Nf4 Qf7 35. Qe2 d4 36. exd4 Qxb3 37. axb3 a2 38. dxe5 a1Q 39. Kh2 h4 40. Qc4+ Kh8 41. Nd3 hxg3+ 42. Bxg3 Nxg3 43. Kxg3 Rd8 44. Qh4+ Kg8 45. Qc4+ Kf8 46. h4 Rd4 47. Qc2 Qg1 48. Nf2 Bxe5+ 49. Kf3 Rf4+ 0-1

[Event "Visakhapatnam Vizag op"]
[Site "Visakhapatnam"]
[Date "2022.06.14"]
[Round "6"]
[White "Amonatov, Farrukh"]
[Black "Abdyzhapar, Asylbek"]
[Result "1-0"]
[WhiteElo "2629"]
[BlackElo "2325"]
[PlyCount "101"]
[EventDate "2022.06.10"]
[EventType "swiss"]
[EventRounds "10"]
[EventCountry "IND"]
[SourceTitle "CBM 208 Extra"]
[Source "ChessBase"]
[SourceDate "2022.07.31"]
[SourceVersion "1"]
[SourceVersionDate "2022.07.31"]
[SourceQuality "1"]

1. e4 e5 2. Nf3 Nc6 3. Bb5 a6 4. Ba4 Nf6 5. 0-0 Be7 6. Re1 b5 7. Bb3 0-0 8. h3 d6 9. c3 Nb8 10. d4 Nbd7 11. Nbd2 Bb7 12. Bc2 Re8 13. Nf1 Bf8 14. Ng3 g6 15. a4 Bg7 16. Bd3 c6 17. Bg5 Nf8 18. Qd2 Qc7 19. b4 Ne6 20. Be3 Nd7 21. Bf1 Nb6 22. a5 Nd7 23. dxe5 dxe5 24. c4 Rad8 25. Rad1 Qb8 26. Qc1 Bf8 27. c5 Bg7 28. Bd3 Ndf8 29. Bc2 Nf4 30. Bxf4 exf4 31. Ne2 Bc8 32. Ned4 Qc7 33. e5 g5 34. Nxg5 Rxe5 35. Ndf3 Rxe1+ 36. Rxe1 h6 37. Ne4 Be6 38. Nd6 Rxd6 39. cxd6 Qxd6 40. Qa3 Nd7 41. Bb3 Bxb3 42. Qxb3 Nf6 43. Ne5 Nd5 44. Nd3 Bc3 45. Re4 Qg6 46. Re8+ Kh7 47. Qd1 Nxb4 48. Nxb4 Bxb4 49. Qd4 Qb1+ 50. Kh2 Bxa5 51. Qf6 1-0

[Event "Visakhapatnam Vizag op"]
[Site "Visakhapatnam"]
[Date "2022.06.14"]
[Round "7"]
[White "Audi, Ameya"]
[Black "Amonatov, Farrukh"]
[Result "1/2-1/2"]
[WhiteElo "2395"]
[BlackElo "2629"]
[PlyCount "66"]
[EventDate "2022.06.10"]
[EventType "swiss"]
[EventRounds "10"]
[EventCountry "IND"]
[SourceTitle "CBM 208 Extra"]
[Source "ChessBase"]
[SourceDate "2022.07.31"]
[SourceVersion "1"]
[SourceVersionDate "2022.07.31"]
[SourceQuality "1"]

1. e4 c5 2. Nf3 d6 3. d4 cxd4 4. Nxd4 Nf6 5. Nc3 a6 6. f3 e5 7. Nb3 Be6 8. Be3 Be7 9. Qd2 0-0 10. 0-0-0 a5 11. a4 Nc6 12. g4 Nb4 13. g5 Nh5 14. Kb1 Rc8 15. Nc1 d5 16. exd5 Bf5 17. Bd3 Bxd3 18. Nxd3 Nxd5 19. Nb5 Nxe3 20. Qxe3 Bxg5 21. Qe4 Qe7 22. Nxe5 Bf4 23. Rhe1 Rfd8 24. Qf5 Rxd1+ 25. Rxd1 Qe6 26. Qxe6 fxe6 27. Nd3 Rd8 28. Re1 b6 29. Nxf4 Nxf4 30. Re4 Rf8 31. Nc7 Nd5 32. Nxd5 exd5 33. Re6 Rf6 1/2-1/2

[Event "Visakhapatnam Vizag op"]
[Site "Visakhapatnam"]
[Date "2022.06.12"]
[Round "4"]
[White "Amonatov, Farrukh"]
[Black "Jain, Kashish Manoj"]
[Result "1-0"]
[WhiteElo "2629"]
[BlackElo "2271"]
[PlyCount "95"]
[EventDate "2022.06.10"]
[EventType "swiss"]
[EventRounds "10"]
[EventCountry "IND"]
[SourceTitle "CBM 208 Extra"]
[Source "ChessBase"]
[SourceDate "2022.07.31"]
[SourceVersion "1"]
[SourceVersionDate "2022.07.31"]
[SourceQuality "1"]

1. e4 c5 2. Nf3 d6 3. d4 cxd4 4. Nxd4 Nf6 5. Nc3 Nc6 6. Bc4 Bd7 7. Bb3 g6 8. 0-0 Bg7 9. Nxc6 Bxc6 10. Re1 0-0 11. Bg5 Nd7 12. Nd5 Bxd5 13. exd5 Bf6 14. Bh6 Bxb2 15. Bxf8 Kxf8 16. Rb1 Bf6 17. c4 Nc5 18. Qd2 Kg7 19. g3 a5 20. Bc2 a4 21. h4 Qa5 22. Qe3 Re8 23. Rb5 Qc3 24. Qxc3 Bxc3 25. Re3 Bd4 26. Re2 Bc3 27. Kg2 Kf8 28. f4 Ra8 29. g4 h6 30. g5 hxg5 31. hxg5 a3 32. Rb1 Ra6 33. Rf1 Rb6 34. Rf3 Bb2 35. f5 gxf5 36. Bxf5 Bc1 37. Be6 Rb2 38. Rxf7+ Ke8 39. Kf1 Bxg5 40. Rg7 Bh6 41. Rg8+ Bf8 42. Re3 Rxa2 43. Rf3 Ra1+ 44. Kg2 Kd8 45. Rgxf8+ Kc7 46. Ra8 Na6 47. Rb3 a2 48. Rc8# 1-0

[Event "Visakhapatnam Vizag op"]
[Site "Visakhapatnam"]
[Date "2022.06.11"]
[Round "2"]
[White "Amonatov, Farrukh"]
[Black "Praloy, Sahoo"]
[Result "1-0"]
[WhiteElo "2629"]
[BlackElo "2105"]
[PlyCount "63"]
[EventDate "2022.06.10"]
[EventType "swiss"]
[EventRounds "10"]
[EventCountry "IND"]
[SourceTitle "CBM 208 Extra"]
[Source "ChessBase"]
[SourceDate "2022.07.31"]
[SourceVersion "1"]
[SourceVersionDate "2022.07.31"]
[SourceQuality "1"]

1. e4 c5 2. Nf3 d6 3. d4 cxd4 4. Nxd4 Nf6 5. Nc3 a6 6. Bc4 e6 7. Bb3 Be7 8. g4 h6 9. Be3 Nc6 10. f3 Bd7 11. Qd2 Rc8 12. 0-0-0 Ne5 13. h4 Nc4 14. Bxc4 Rxc4 15. g5 Nh5 16. Kb1 b5 17. Rhg1 g6 18. Nb3 hxg5 19. Bxg5 f6 20. Be3 Kf7 21. Rg2 Rg8 22. Rdg1 Qc7 23. Rg4 Rxc3 24. bxc3 e5 25. R4g2 a5 26. f4 a4 27. f5 Bc6 28. Rxg6 Rh8 29. Qg2 axb3 30. Rg8 bxa2+ 31. Ka1 Bf8 32. Rxh8 1-0

[Event "Bhubaneswar op-A 13th"]
[Site "Bhubaneswar"]
[Date "2022.05.26"]
[Round "6"]
[White "Amonatov, Farrukh"]
[Black "Nitin, Senthilvel"]
[Result "1-0"]
[WhiteElo "2622"]
[BlackElo "2399"]
[PlyCount "59"]
[EventDate "2022.05.22"]
[EventType "swiss"]
[EventRounds "10"]
[EventCountry "IND"]
[SourceTitle "CBM 208 Extra"]
[Source "ChessBase"]
[SourceDate "2022.07.31"]
[SourceVersion "1"]
[SourceVersionDate "2022.07.31"]
[SourceQuality "1"]

1. e4 c5 2. Nf3 g6 3. d4 cxd4 4. Nxd4 Nc6 5. Nc3 Bg7 6. Be3 Nf6 7. Bc4 0-0 8. Bb3 d6 9. f3 Qa5 10. Qd2 Nxd4 11. Bxd4 Be6 12. 0-0-0 b5 13. Kb1 b4 14. Nd5 Nxd5 15. Bxg7 Kxg7 16. exd5 Bd7 17. Rhe1 Qd8 18. Qxb4 a5 19. Qd4+ Kg8 20. h4 Rb8 21. h5 Rb4 22. Qd2 Rb7 23. Re4 Bf5 24. Rf4 Re8 25. g4 e5 26. dxe6 Bxe6 27. hxg6 hxg6 28. Rh1 Qg5 29. Qh2 Kg7 30. Bxe6 1-0

[Event "St Petersburg Blitz"]
[Site "St Petersburg"]
[Date "2021.12.12"]
[Round "6"]
[White "Amonatov, Farrukh"]
[Black "Levin, Evgeny A"]
[Result "1-0"]
[WhiteElo "2622"]
[BlackElo "2485"]
[PlyCount "107"]
[EventDate "2021.12.12"]
[EventType "tourn (blitz)"]
[EventRounds "21"]
[EventCountry "RUS"]
[EventCategory "11"]
[SourceTitle "CBM 205 Extra"]
[Source "ChessBase"]
[SourceDate "2022.01.31"]
[SourceVersion "1"]
[SourceVersionDate "2022.01.31"]
[SourceQuality "1"]

1. e4 e6 2. d4 d5 3. Nc3 Nf6 4. Bg5 dxe4 5. Nxe4 Nbd7 6. Nf3 h6 7. Nxf6+ Nxf6 8. Bxf6 Qxf6 9. Bb5+ c6 10. Bd3 Bd6 11. 0-0 0-0 12. Qe1 Rd8 13. b4 Bd7 14. c3 a5 15. a3 axb4 16. axb4 Be8 17. Qe4 g6 18. h4 h5 19. Rfe1 Kg7 20. Ne5 Rxa1 21. Rxa1 Bxe5 22. dxe5 Qf5 23. Qxf5 exf5 24. Rd1 f6 25. exf6+ Kxf6 26. f4 Bf7 27. Be2 Rxd1+ 28. Bxd1 b6 29. Kf2 c5 30. Ke3 Bd5 31. g3 Ke7 32. Ba4 Bc4 33. Kd2 Bf7 34. Kc2 Kd6 35. Kb2 Ke7 36. Bb5 Bd5 37. Ka3 cxb4+ 38. Kxb4 Bf7 39. Bc6 Kd6 40. Kb5 Kc7 41. Bf3 Be8+ 42. Ka6 Bf7 43. Ka7 Bc4 44. Bg2 Be6 45. Bf1 Bd7 46. Bc4 Be8 47. Bb3 b5 48. Ka6 Kc6 49. Ka5 Kc5 50. Ba2 Kc6 51. Kb4 Kb6 52. Bd5 Kc7 53. Kc5 Kd8 54. Kd6 1-0

[Event "St Petersburg Blitz"]
[Site "St Petersburg"]
[Date "2021.12.12"]
[Round "14"]
[White "Amonatov, Farrukh"]
[Black "Turov, Maxim"]
[Result "1-0"]
[WhiteElo "2622"]
[BlackElo "2565"]
[PlyCount "67"]
[EventDate "2021.12.12"]
[EventType "tourn (blitz)"]
[EventRounds "21"]
[EventCountry "RUS"]
[EventCategory "11"]
[SourceTitle "CBM 205 Extra"]
[Source "ChessBase"]
[SourceDate "2022.01.31"]
[SourceVersion "1"]
[SourceVersionDate "2022.01.31"]
[SourceQuality "1"]

1. e4 c5 2. Nf3 a6 3. Nc3 b5 4. d4 e6 5. dxc5 Bxc5 6. Bd3 Qc7 7. 0-0 Ne7 8. e5 Bb7 9. Ne4 Bxe4 10. Bxe4 Nbc6 11. Bf4 Rd8 12. Re1 Ng6 13. Bxg6 hxg6 14. Qe2 d5 15. Rad1 Qb6 16. c3 Be7 17. g3 Rd7 18. h4 Kd8 19. a4 Kc8 20. axb5 axb5 21. Ra1 Kb7 22. b4 Kc7 23. Be3 Qb7 24. Nd4 Nxd4 25. Bxd4 Kc6 26. Ra7 Qxa7 27. Bxa7 Rxa7 28. Qf3 Ra3 29. Qxf7 Kd7 30. Qxg7 Rc8 31. Qxg6 Raxc3 32. h5 Rb3 33. h6 Bxb4 34. Ra1 1-0

[Event "St Petersburg Blitz"]
[Site "St Petersburg"]
[Date "2021.12.12"]
[Round "9"]
[White "Matlakov, Maxim"]
[Black "Amonatov, Farrukh"]
[Result "1-0"]
[WhiteElo "2674"]
[BlackElo "2622"]
[PlyCount "115"]
[EventDate "2021.12.12"]
[EventType "tourn (blitz)"]
[EventRounds "21"]
[EventCountry "RUS"]
[EventCategory "11"]
[SourceTitle "CBM 205 Extra"]
[Source "ChessBase"]
[SourceDate "2022.01.31"]
[SourceVersion "1"]
[SourceVersionDate "2022.01.31"]
[SourceQuality "1"]

1. e4 c5 2. Nf3 d6 3. d4 cxd4 4. Nxd4 Nf6 5. Nc3 a6 6. a4 e5 7. Nf3 Be7 8. Bg5 Be6 9. Bxf6 Bxf6 10. Nd5 0-0 11. Bc4 Be7 12. 0-0 Nd7 13. Qe2 Nf6 14. Nxf6+ Bxf6 15. Bxe6 fxe6 16. Rfd1 Qc7 17. c3 Rac8 18. a5 Be7 19. Nd2 Qc5 20. Ra4 d5 21. Nf3 Qc6 22. Qc2 Bc5 23. Rf1 Qd6 24. Raa1 Rf4 25. Rae1 Rcf8 26. Re2 Qc7 27. Qd3 Qd6 28. b4 Ba7 29. c4 d4 30. c5 Qc7 31. Rc1 Bb8 32. Nd2 Qf7 33. Rf1 Bc7 34. Nc4 Qg6 35. f3 Qh5 36. Qd2 Bd8 37. Nb2 Bg5 38. Qe1 Rh4 39. g3 Rh3 40. Nc4 Rxf3 41. Rxf3 Qxf3 42. Qf2 Qc3 43. Rc2 Qa1+ 44. Kg2 Rh6 45. Nxe5 Rf6 46. Qe2 Be3 47. Nf3 Qb1 48. b5 axb5 49. a6 bxa6 50. c6 Rf8 51. c7 Rc8 52. Ne5 b4 53. Kh3 b3 54. Qc4 Kh8 55. Nf7+ Kg8 56. Nd6 Rxc7 57. Qxe6+ Kf8 58. Qe8# 1-0

[Event "St Petersburg Blitz"]
[Site "St Petersburg"]
[Date "2021.12.12"]
[Round "11"]
[White "Shimanov, Aleksandr"]
[Black "Amonatov, Farrukh"]
[Result "1-0"]
[WhiteElo "2581"]
[BlackElo "2622"]
[PlyCount "111"]
[EventDate "2021.12.12"]
[EventType "tourn (blitz)"]
[EventRounds "21"]
[EventCountry "RUS"]
[EventCategory "11"]
[SourceTitle "CBM 205 Extra"]
[Source "ChessBase"]
[SourceDate "2022.01.31"]
[SourceVersion "1"]
[SourceVersionDate "2022.01.31"]
[SourceQuality "1"]

1. e4 c5 2. Nc3 d6 3. Bb5+ Bd7 4. Bxd7+ Qxd7 5. d4 cxd4 6. Qxd4 Nc6 7. Qd3 g6 8. Nf3 Bg7 9. 0-0 Nf6 10. Nd5 0-0 11. Bg5 Nxd5 12. exd5 Ne5 13. Nxe5 Bxe5 14. Rae1 b5 15. c3 Rac8 16. f4 Bf6 17. h4 Rc5 18. f5 Qb7 19. fxg6 fxg6 20. Rd1 a6 21. Bh6 Rf7 22. h5 gxh5 23. Qg3+ Kh8 24. Qh3 Qc8 25. Qxh5 Qg8 26. Rf4 Rc4 27. Rxc4 bxc4 28. Rf1 Qe8 29. Rf3 Rf8 30. Qh3 Rg8 31. Qf5 Rg6 32. Be3 Qg8 33. Rf2 Rg3 34. Bf4 Rg4 35. Kf1 Rg6 36. Re2 Qg7 37. g3 Qg8 38. Re6 Qf7 39. Ke2 Qg8 40. Bxd6 Rg5 41. Qf3 Qg6 42. Bf4 Qc2+ 43. Kf1 Rf5 44. Re2 Qd1+ 45. Kg2 Rxd5 46. Qe4 Rh5 47. Kf3 Qf1+ 48. Rf2 Qh1+ 49. Ke3 Qe1+ 50. Kf3 Qd1+ 51. Re2 Rh2 52. Qe3 e5 53. Bxe5 Qf1+ 54. Kg4 Rxe2 55. Bxf6+ Kg8 56. Qe7 1-0

[Event "SCO National Chess Online"]
[Site "Chess.com INT"]
[Date "2020.09.27"]
[Round "7.3"]
[White "Amonatov, Farrukh"]
[Black "Esenbek Uulu, Ilimbek"]
[Result "1-0"]
[WhiteElo "2622"]
[BlackElo "2190"]
[PlyCount "139"]
[EventDate "2020.09.26"]
[EventType "team (rapid)"]
[EventRounds "9"]
[EventCountry "USA"]
[SourceTitle "CBM 198 Extra"]
[Source "ChessBase"]
[SourceDate "2020.11.30"]
[SourceVersion "1"]
[SourceVersionDate "2020.11.30"]
[SourceQuality "1"]
[WhiteTeam "Tajikistan "]
[BlackTeam "Kyrgyzstan "]
[WhiteTeamCountry "TJK"]
[BlackTeamCountry "KGZ"]

1. e4 e5 2. Nf3 Nc6 3. Bb5 Nf6 4. d3 d6 5. c3 Bd7 6. 0-0 Be7 7. Nbd2 0-0 8. Ba4 g6 9. Re1 Nh5 10. Nf1 Bf6 11. h3 Bg7 12. Bg5 Qe8 13. Bb3 h6 14. Be3 Kh7 15. Ng3 Nf4 16. d4 Na5 17. Bc2 Nc4 18. Bc1 Rd8 19. b3 Nb6 20. Bxf4 exf4 21. Ne2 g5 22. e5+ Kg8 23. Qd3 f5 24. exf6 Rxf6 25. Nxf4 Rxf4 26. Rxe8+ Rxe8 27. Re1 Rxe1+ 28. Nxe1 Bf5 29. Qe2 Bxc2 30. Qxc2 Kf7 31. g3 Rf6 32. Ng2 Nd5 33. h4 Ne7 34. hxg5 hxg5 35. Ne3 c5 36. dxc5 dxc5 37. Qe4 b6 38. Qb7 a5 39. c4 Re6 40. Nf5 Bf6 41. Kg2 Kg6 42. Ne3 Bd4 43. Ng4 Nf5 44. Qc8 Ng7 45. Qd7 Re2 46. Kf3 Re6 47. a3 Re1 48. b4 axb4 49. axb4 Re6 50. b5 Re1 51. Kg2 Re6 52. Kf1 Kf5 53. Nh2 Kg6 54. Nf3 Bf6 55. Qd5 Re7 56. Nd2 Ne6 57. Qd3+ Kg7 58. Ne4 Nd4 59. Nc3 Rf7 60. Nd5 Be5 61. Kg2 Nf5 62. Nxb6 Bd4 63. Qd2 Kh6 64. Nd5 Nd6 65. Ne3 Ne4 66. Ng4+ Kg7 67. Qe2 Nd6 68. Qe6 Nf5 69. b6 Bc3 70. b7 1-0

[Event "SCO National Chess Online"]
[Site "Chess.com INT"]
[Date "2020.09.27"]
[Round "9.2"]
[White "Amonatov, Farrukh"]
[Black "Lu, Shanglei"]
[Result "1/2-1/2"]
[WhiteElo "2622"]
[BlackElo "2615"]
[PlyCount "82"]
[EventDate "2020.09.26"]
[EventType "team (rapid)"]
[EventRounds "9"]
[EventCountry "USA"]
[SourceTitle "CBM 198 Extra"]
[Source "ChessBase"]
[SourceDate "2020.11.30"]
[SourceVersion "1"]
[SourceVersionDate "2020.11.30"]
[SourceQuality "1"]
[WhiteTeam "Tajikistan "]
[BlackTeam "China"]
[WhiteTeamCountry "TJK"]
[BlackTeamCountry "CHN"]

1. e4 c5 2. Nf3 d6 3. d4 cxd4 4. Nxd4 Nf6 5. Nc3 g6 6. Be3 Bg7 7. f3 Nc6 8. Qd2 0-0 9. Bc4 Bd7 10. h4 h5 11. 0-0-0 Rc8 12. Bb3 Ne5 13. Bg5 Rc5 14. Kb1 b5 15. g4 hxg4 16. h5 Nxh5 17. Nd5 Re8 18. Rxh5 gxh5 19. Qh2 Rxd5 20. Bxd5 Qb6 21. Qxh5 e6 22. Bb3 gxf3 23. Nxf3 Qf2 24. Nxe5 Bxe5 25. Bh6 Qg3 26. Rf1 Qg6 27. Qh1 Bd4 28. c3 Bb6 29. Qh4 Bd8 30. Qh2 Bb6 31. Bc2 e5 32. Rh1 Re6 33. Qh4 Qh7 34. a3 Rg6 35. Qe7 Rxh6 36. Rxh6 Qxh6 37. Qxd7 Qh1+ 38. Ka2 Qf1 39. Qxd6 Qc4+ 40. Bb3 Qxe4 41. Qf6 Qf4 1/2-1/2

[Event "SCO National Chess Online"]
[Site "Chess.com INT"]
[Date "2020.09.26"]
[Round "1.5"]
[White "Abdusattorov, Nodirbek"]
[Black "Amonatov, Farrukh"]
[Result "1-0"]
[WhiteElo "2627"]
[BlackElo "2622"]
[PlyCount "135"]
[EventDate "2020.09.26"]
[EventType "team (rapid)"]
[EventRounds "9"]
[EventCountry "USA"]
[SourceTitle "CBM 198 Extra"]
[Source "ChessBase"]
[SourceDate "2020.11.30"]
[SourceVersion "1"]
[SourceVersionDate "2020.11.30"]
[SourceQuality "1"]
[WhiteTeam "Uzbekistan"]
[BlackTeam "Tajikistan "]
[WhiteTeamCountry "UZB"]
[BlackTeamCountry "TJK"]

1. e4 c5 2. Nf3 d6 3. d4 cxd4 4. Qxd4 Nc6 5. Bb5 Bd7 6. Qd3 g6 7. c4 Bg7 8. Nc3 Nf6 9. h3 0-0 10. 0-0 Na5 11. Bd2 a6 12. Bxd7 Nxd7 13. Rac1 Nc6 14. Rfd1 Rc8 15. b3 Nce5 16. Nxe5 Nxe5 17. Qe2 e6 18. Be3 Qe7 19. Qd2 Rfd8 20. f4 Nc6 21. Bb6 Rd7 22. e5 Qh4 23. Ne4 d5 24. Bf2 Qd8 25. Nc5 Rdc7 26. cxd5 exd5 27. Na4 d4 28. Nb6 Rb8 29. Bxd4 Nxd4 30. Rxc7 Qxc7 31. Qxd4 Re8 32. Nd5 Qc6 33. Qc4 Qe6 34. Qd4 Qc6 35. Kh2 g5 36. Nf6+ Bxf6 37. exf6 Qc7 38. Qd6 Qxd6 39. Rxd6 gxf4 40. Rb6 Re6 41. Rxb7 Rxf6 42. Kg1 f3 43. g4 Rc6 44. a4 a5 45. Kf2 Rc3 46. h4 Kg7 47. Rb6 f6 48. Rb7+ Kg6 49. Rb6 Kg7 50. Rb5 Kg6 51. Kg3 Rd3 52. Rb6 Kg7 53. Rb7+ Kg6 54. h5+ Kh6 55. Rf7 f2+ 56. Kxf2 Kg5 57. Rxh7 Kxg4 58. h6 Rxb3 59. Rg7+ Kf4 60. Kg2 Rb2+ 61. Kh3 Rb1 62. Rg2 Rb7 63. Kh4 f5 64. Rf2+ Ke4 65. Kg5 Rb1 66. Rf4+ Ke5 67. Rxf5+ Ke6 68. Kg6 1-0

[Event "Ismagambetov Memorial 1st"]
[Site "Chess.com INT"]
[Date "2020.06.26"]
[Round "6"]
[White "Amonatov, Farrukh"]
[Black "Jobava, Baadur"]
[Result "0-1"]
[WhiteElo "2622"]
[BlackElo "2603"]
[PlyCount "82"]
[EventDate "2020.06.26"]
[EventType "swiss (blitz)"]
[EventRounds "11"]
[EventCountry "KAZ"]
[SourceTitle "CBM 197 Extra"]
[Source "ChessBase"]
[SourceDate "2020.09.30"]
[SourceVersion "1"]
[SourceVersionDate "2020.09.30"]
[SourceQuality "1"]

1. e4 c6 2. Nc3 d5 3. Qf3 Nf6 4. e5 Ng8 5. d4 Na6 6. a3 Nc7 7. Bd3 g6 8. h4 h5 9. Nh3 Bg4 10. Qg3 Bxh3 11. Qxh3 Bh6 12. 0-0 Bxc1 13. Raxc1 Nh6 14. Ne2 e6 15. Nf4 Qe7 16. b4 0-0-0 17. c3 Kb8 18. a4 Ng4 19. Qg3 Rdg8 20. Nh3 Ne8 21. Rfe1 Ng7 22. f3 Nf5 23. Bxf5 gxf5 24. Ng5 Nh6 25. Qf4 Qc7 26. c4 Rd8 27. b5 c5 28. cxd5 Rxd5 29. dxc5 Rxc5 30. Kh2 b6 31. Rxc5 Qxc5 32. Rd1 Qf2 33. Qg3 Qe3 34. Qe1 f4 35. Qb4 Qxe5 36. Rd7 Ng4+ 37. fxg4 f3+ 38. Kh3 f2 39. Qe7 hxg4+ 40. Kxg4 Qf5+ 41. Kg3 f1N# 0-1